<?xml version="1.0" encoding="UTF-8"?>
<record
    xmlns:xsi="http://www.w3.org/2001/XMLSchema-instance"
    xsi:schemaLocation="http://www.loc.gov/MARC21/slim http://www.loc.gov/standards/marcxml/schema/MARC21slim.xsd"
    xmlns="http://www.loc.gov/MARC21/slim">

  <leader>00717nam a2200229Ia 4500</leader>
  <controlfield tag="003">OSt</controlfield>
  <controlfield tag="005">20250710163826.0</controlfield>
  <controlfield tag="008">210210b1994   xxu||||| |||| 00| 0 eng d</controlfield>
  <datafield tag="040" ind1=" " ind2=" ">
    <subfield code="c">AL</subfield>
  </datafield>
  <datafield tag="041" ind1=" " ind2=" ">
    <subfield code="a">Kannada</subfield>
  </datafield>
  <datafield tag="082" ind1=" " ind2=" ">
    <subfield code="a">413.028K VILN</subfield>
  </datafield>
  <datafield tag="100" ind1=" " ind2=" ">
    <subfield code="a">VILYAM MADTA</subfield>
    <subfield code="d">&#xCB5;&#xCBF;&#xCB2;&#xCCD;&#xCAF;&#xC82; &#xCAE;&#xCBE;&#xCA1;&#xCCD;&#xCA4;&#xCBE;</subfield>
    <subfield code="9">218063</subfield>
  </datafield>
  <datafield tag="245" ind1=" " ind2=" ">
    <subfield code="a">Nighanturachana vijnana</subfield>
    <subfield code="b">&#xCA8;&#xCBF;&#xC98;&#xC82;&#xC9F;&#xCC1;&#xCB0;&#xC9A;&#xCA8;&#xCBE; &#xCB5;&#xCBF;&#xC9C;&#xCCD;&#xC9E;&#xCBE;&#xCA8; </subfield>
  </datafield>
  <datafield tag="260" ind1=" " ind2=" ">
    <subfield code="a">Hampi</subfield>
    <subfield code="b">Kannada Vishvavidyalaya Hampi</subfield>
    <subfield code="c">1994</subfield>
  </datafield>
  <datafield tag="300" ind1=" " ind2=" ">
    <subfield code="a">163</subfield>
  </datafield>
  <datafield tag="650" ind1=" " ind2=" ">
    <subfield code="a">vijnana</subfield>
    <subfield code="9">218064</subfield>
  </datafield>
  <datafield tag="650" ind1=" " ind2=" ">
    <subfield code="a">Nighanturachana</subfield>
    <subfield code="9">218065</subfield>
  </datafield>
  <datafield tag="690" ind1=" " ind2=" ">
    <subfield code="a">Linguistics</subfield>
    <subfield code="9">218066</subfield>
  </datafield>
  <datafield tag="700" ind1=" " ind2=" ">
    <subfield code="a">KULAKARNI (R Y)</subfield>
    <subfield code="d">&#xC95;&#xCC1;&#xCB2;&#xC95;&#xCB0;&#xCCD;&#xCA3;&#xCBF; (&#xC86;&#xCB0;&#xCCD; &#xCB5;&#xCC8;) .</subfield>
    <subfield code="9">218067</subfield>
  </datafield>
  <datafield tag="906" ind1=" " ind2=" ">
    <subfield code="a">049229</subfield>
  </datafield>
  <datafield tag="942" ind1=" " ind2=" ">
    <subfield code="2">ddc</subfield>
    <subfield code="c">BK</subfield>
  </datafield>
  <datafield tag="999" ind1=" " ind2=" ">
    <subfield code="c">97824</subfield>
    <subfield code="d">97824</subfield>
  </datafield>
  <datafield tag="952" ind1=" " ind2=" ">
    <subfield code="0">0</subfield>
    <subfield code="1">0</subfield>
    <subfield code="2">ddc</subfield>
    <subfield code="4">0</subfield>
    <subfield code="7">0</subfield>
    <subfield code="8">KAN</subfield>
    <subfield code="a">AL</subfield>
    <subfield code="b">AL</subfield>
    <subfield code="c">Dictionaries</subfield>
    <subfield code="d">2021-02-17</subfield>
    <subfield code="g">15.00</subfield>
    <subfield code="l">3</subfield>
    <subfield code="o">413.028K VILN</subfield>
    <subfield code="p">049229</subfield>
    <subfield code="r">2023-05-16 00:00:00</subfield>
    <subfield code="s">2022-12-02</subfield>
    <subfield code="w">2021-02-17</subfield>
    <subfield code="y">BK</subfield>
  </datafield>
</record>
